| 000 | 01573nam0a2200349 4500 | ||
|---|---|---|---|
| 001 | RU\NLR\bibl\1290834 | ||
| 005 | 20260406152600.0 | ||
| 010 |
_a978-5-358-05658-9 _95000 |
||
| 021 |
_aRU _b2008-71408 _94086 |
||
| 035 | _a(NLR Aleph) 001276515 | ||
| 090 |
_a472036 _c472036 |
||
| 100 | _a20081031d2008 |||y0rusy50 ca | ||
| 101 | 0 | _arus | |
| 102 | _aRU | ||
| 105 | _aa ||||||||| | ||
| 200 | 1 |
_aФизика _e10 класс _eучебник для общеобразовательных учреждений _eбазовый уровень _fН.С. Пурышева, Н.Е. Важеевская, Д.А. Исаев _gпод ред. Н.С. Пурышевой |
|
| 205 | _a2-е изд., стер. | ||
| 210 |
_aМосква _cДрофа _d2008 |
||
| 215 |
_a255, [1] с. _cил., цв. ил., портр. _d22 |
||
| 320 | _aПредм.-имен. указ.: с. 251-253 | ||
| 606 | 1 |
_aФизика _jУчебники для средней школы _9898198 _3RU\NLR\auth\665898 |
|
| 686 | _aВ3я721-1 | ||
| 700 | 1 |
_4070 _7ca _8rus _aПурышева _bН. С. _f1942- _gНаталия Сергеевна _958587 _3RU\NLR\AUTH\7775659 |
|
| 701 | 1 |
_4070 _7ca _8rus _aВажеевская _bН. Е. _gНаталия Евгеньевна _958589 _3RU\NLR\auth\7775661 |
|
| 701 | 1 |
_4070 _7ca _8rus _aИсаев _bД. А. _gДмитрий Аркадьевич _9115928 _3RU\NLR\auth\775972 |
|
| 801 | 0 |
_aRU _bNLR _c20081031 _gRCR |
|
| 801 | 1 |
_aRU _bNLR _c20081031 |
|
| 830 | _aАвт. по кн. | ||
| 942 | _cBOOK | ||
| 980 | _aNB | ||